LEADER 01157nam0-22003491i-450- 001 990001850520403321 005 20080109095446.0 035 $a000185052 035 $aFED01000185052 035 $a(Aleph)000185052FED01 035 $a000185052 100 $a20030910d1998----km-y0itay50------ba 101 0 $aeng 105 $ay-------001yy 200 1 $aSummer biomass of a population of Phyllophora antarctica (Phyllophoraceae, Rhodophyta) from Antarctica$fMario Cormaci, Giovanni Furnari, Blasco Scammacca, Giuseppina Alongi, Marcello Catra 210 $a[S.l.$cs.n.]$d1998 215 $ap. 85-91$d30 cm 300 $aEstr. da: Hydrobiologia, 362,1998 610 0 $aAlghe 676 $a589.39 702 1$aAlongi,$bGiuseppina 702 1$aCatra,$bMarcello 702 1$aCormaci,$bMario 702 1$aFurnari,$bGiovanni 702 1$aScammacca,$bBlasco 801 0$aIT$bUNINA$gRICA$2UNIMARC 901 $aBK 912 $a990001850520403321 952 $a60 MISC. A 63/98-13$fFAGBC 959 $aFAGBC 996 $aSummer biomass of a population of Phyllophora antarctica (Phyllophoraceae, Rhodophyta) from Antarctica$9413723 997 $aUNINA LEADER 01029nam a22002411i 4500 001 991003763859707536 005 20040607091835.0 008 040802s1936 it |||||||||||||||||ita 035 $ab13124614-39ule_inst 035 $aARCHE-107722$9ExL 040 $aBiblioteca Interfacoltà$bita$cA.t.i. Arché s.c.r.l. Pandora Sicilia s.r.l. 082 04$a445 100 1 $aCaricati, Augusto$0201968 245 10$aGrammatica della lingua francese :$bad uso delle scuole medie inferiori : morfologia, principali regole di sintassi, gallicismi, proverbi : volume unico /$cAugusto Caricati 260 $aMilano :$bSignorelli,$cc1936 300 $a1 v. ;$c19 cm 650 4$aLingua francese$xGrammatica 907 $a.b13124614$b02-04-14$c05-08-04 912 $a991003763859707536 945 $aLE002 Fondo Giudici G 416$g1$i2002000216571$lle002$nC. 1$o-$pE0.00$q-$rn$so $t0$u0$v0$w0$x0$y.i13760361$z05-08-04 996 $aGrammatica della lingua francese$9308624 997 $aUNISALENTO 998 $ale002$b05-08-04$cm$da $e-$fita$git $h0$i1